Význam informácií a informačných systémov vo väzbe na technologické procesy v riadení kvality železničnej dopravy
Využitie moderných informačných technológií v železničnej doprave. Členenie a význam informácií nevyhnutných pre riadenie železničných dopravných procesov a služieb. Úloha informačných systémov v nákladnej a osobnej doprave. Prehľad základných požadovaných informácií v osobnej doprave. Súhrn hlavnýc...
Salvato in:
| Autore principale: | |
|---|---|
| Altri autori: | |
| Natura: | Capitolo di libro |
| Lingua: | slovacco |
| Soggetti: | |
| Tags: |
Nessun Tag, puoi essere il primo ad aggiungerne!!
|
MARC
| LEADER | 00000naa$a2200000$$$4500 | ||
|---|---|---|---|
| 001 | 0004613 | ||
| 005 | 20230825085813.8 | ||
| 041 | 0 | |a slo | |
| 044 | |a SK | ||
| 245 | 1 | 0 | |a Význam informácií a informačných systémov vo väzbe na technologické procesy v riadení kvality železničnej dopravy |c aut. Eva Nedeliaková, Ivan Nedeliak |
| 520 | |a Využitie moderných informačných technológií v železničnej doprave. Členenie a význam informácií nevyhnutných pre riadenie železničných dopravných procesov a služieb. Úloha informačných systémov v nákladnej a osobnej doprave. Prehľad základných požadovaných informácií v osobnej doprave. Súhrn hlavných zásad kvality riadenia informácií a informačných systémov. Budovanie interného výpočtového a informačného systému. Súčasný IS železníc. Nové informačné systémy pre železnice v EÚ. | ||
| 610 | 2 | 0 | |a doprava |
| 610 | 2 | 0 | |a doprava železničná nákladná |
| 610 | 2 | 0 | |a doprava železničná |
| 610 | 2 | 0 | |a doprava železničná osobná |
| 610 | 2 | 0 | |a technológie informačné |
| 610 | 2 | 0 | |a systémy informačné riadiace |
| 610 | 2 | 0 | |a informácie |
| 610 | 2 | 0 | |a Európska únia |
| 100 | 1 | |a Nedeliaková, Eva | |
| 700 | 1 | |a Nedeliak, Ivan | |